MLB 2025 Opening Day Lineups - Statistics

General Stats
  • This quiz has been taken 252 times
  • The average score is 152 of 300
Answer Stats
Team Number Position Player % Correct
Diamondbacks 4 2B Ketel Marte
96%
Mets 6 DH Starling Marte
95%
Diamondbacks 7 RF Corbin Carroll
89%
Astros 11 RF Cam Smith
83%
Rangers 8 SS Josh Smith
83%
Braves 28 1B Matt Olson
82%
Dodgers 16 C Will Smith
82%
Braves 27 3B Austin Riley
81%
Braves 1 2B Ozzie Albies
81%
Diamondbacks 28 3B Eugenio Suarez
79%
Diamondbacks 23 P Zac Gallen
79%
Red Sox 2 3B Alex Bregman
78%
Reds 44 SS Elly de La Cruz
78%
Nationals 19 DH Josh Bell
78%
Braves 20 DH Marcell Ozuna
78%
Yankees 99 RF Aaron Judge
77%
Phillies 3 1B Bryce Harper
76%
Braves 23 CF Michael Harris II
76%
Mets 22 RF Juan Soto
75%
Phillies 7 SS Trea Turner
75%
Guardians 23 C Bo Naylor
74%
Yankees 35 CF Cody Bellinger
74%
Mets 12 SS Francisco Lindor
74%
Diamondbacks 22 1B Josh Naylor
74%
Cubs 30 RF Kyle Tucker
74%
Pirates 30 P Paul Skenes
74%
Red Sox 11 DH Rafael Devers
74%
Dodgers 17 DH Shohei Ohtani
74%
Diamondbacks 14 C Gabriel Moreno
73%
Mets 20 1B Pete Alonso
73%
Phillies 12 DH Kyle Schwarber
72%
Cardinals 40 1B Willson Contreras
72%
Royals 7 SS Bobby Witt Jr.
71%
Athletics 25 DH Brent Rooker
71%
Pirates 5 1B Endy Rodriguez
71%
Reds 21 P Hunter Greene
71%
Guardians 11 3B José Ramírez
71%
Mariners 44 CF Julio Rodriguez
71%
Diamondbacks 12 LF Lourdes Gurriel Jr.
71%
Padres 13 3B Manny Machado
71%
Tigers 31 LF Riley Greene
71%
Padres 10 1B Yuli Gurriel
71%
Orioles 35 C Adley Rutschman
70%
Astros 8 1B Christian Walker
70%
Red Sox 16 LF Jarren Duran
70%
Cardinals 18 RF Jordan Walker
70%
Angels 27 RF Mike Trout
70%
Yankees 48 1B Paul Goldschmidt
70%
Padres 23 RF Fernando Tatis Jr.
69%
Phillies 10 C J.T. Realmuto
69%
White Sox 88 CF Luis Robert Jr.
69%
Blue Jays 27 1B Vladimir Guerrero Jr.
69%
Brewers 24 C William Contreras
69%
Yankees 11 SS Anthony Volpe
68%
Mets 9 LF Brandon Nimmo
68%
Twins 25 CF Byron Buxton
68%
Cubs 7 SS Dansby Swanson
68%
Pirates 15 CF Oneil Cruz
68%
Astros 44 DH Yordan Alvarez
68%
Phillies 45 P Zack Wheeler
68%
Yankees 28 C Austin Wells
67%
Blue Jays 11 SS Bo Bichette
67%
Orioles 31 CF Cedric Mullins
67%
Rangers 5 DH Corey Seager
67%
Diamondbacks 2 SS Geraldo Perdomo
67%
Yankees 13 2B Jazz Chisholm Jr.
67%
Astros 27 LF Jose Altuve
67%
Mets 2 2B Luisangel Acuna
67%
Rangers 2 2B Marcus Semien
67%
Cubs 27 DH Seiya Suzuki
67%
Phillies 28 3B Alec Bohm
66%
Brewers 22 DH Christian Yelich
66%
Padres 17 C Elias Diaz
66%
Dodgers 8 1B Enrique Hernandez
66%
Red Sox 35 P Garrett Crochet
66%
Orioles 7 SS Jackson Holliday
66%
Athletics 10 2B Max Muncy
66%
Dodgers 13 3B Max Muncy
66%
Braves 11 SS Orlando Arcia
66%
Orioles 6 1B Ryan Mountcastle
66%
Guardians 38 LF Steven Kwan
66%
Dodgers 37 RF Teoscar Hernandez
66%
Red Sox 10 SS Trevor Story
66%
Astros 21 C Yainer Diaz
66%
Rays 2 DH Yandy Diaz
66%
Rangers 53 RF Adolis Garcia
65%
Twins 4 SS Carlos Correa
65%
Braves 51 P Chris Sale
65%
Cubs 8 LF Ian Happ
65%
Nationals 2 2B Luis Garcia Jr.
65%
Tigers 29 P Tarik Skubal
65%
Red Sox 36 1B Triston Casas
65%
Athletics 4 RF Lawrence Butler
64%
Royals 13 C Salvador Perez
64%
Braves 7 LF Jurickson Profar
63%
Blue Jays 4 CF George Springer
62%
Mariners 56 LF Randy Arozarena
62%
Padres 2 SS Xander Bogaerts
62%
Rays 8 2B Brandon Lowe
61%
Phillies 5 2B Bryson Stott
61%
Mariners 29 C Cal Raleigh
61%
Rays 15 RF Josh Lowe
61%
Nationals 33 1B Nathaniel Lowe
61%
Cardinals 28 3B Nolan Arenado
61%
Marlins 22 P Sandy Alcantara
61%
Blue Jays 30 C Alejandro Kirk
60%
Red Sox 12 C Connor Wong
60%
Astros 59 P Framber Valdez
60%
Astros 3 SS Jeremy Pena
60%
Athletics 40 P Luis Severino
60%
Dodgers 18 P Yoshinobu Yamamoto
60%
Pirates 10 RF Bryan Reynolds
59%
Mets 27 3B Mark Vientos
59%
Red Sox 52 RF Wilyer Abreu
59%
Yankees 55 P Carlos Rodon
58%
Padres 3 CF Jackson Merrill
58%
Guardians 8 CF Lane Thomas
58%
Giants 26 3B Matt Chapman
58%
Cubs 4 CF Pete Crow-Armstrong
58%
Giants 2 SS Willy Adames
58%
Nationals 29 LF James Wood
57%
Mariners 3 SS J.P. Crawford
57%
Nationals 20 C Keibert Ruiz
57%
Padres 4 DH Luis Arraez
57%
Phillies 8 RF Nick Castellanos
57%
Marlins 6 2B Otto Lopez
57%
Twins 49 P Pablo Lopez
57%
Cubs 18 P Shota Imanaga
57%
Tigers 20 DH Spencer Torkelson
57%
Rockies 14 SS Ezequiel Tovar
56%
Brewers 11 LF Jackson Chourio
56%
Giants 51 CF Jung Hoo Lee
56%
Athletics 23 C Shea Langeliers
56%
Blue Jays 25 LF Anthony Santander
55%
Athletics 5 SS Jacob Wilson
55%
Nationals 5 SS CJ Abrams
54%
Cardinals 54 P Sonny Gray
54%
Phillies 16 CF Brandon Marsh
53%
Brewers 51 P Freddy Peralta
53%
Tigers 25 2B Gleyber Torres
53%
Tigers 28 SS Javier Baez
53%
White Sox 26 C Korey Lee
53%
Mariners 36 P Logan Gilbert
53%
Giants 62 P Logan Webb
53%
White Sox 24 LF Michael A. Taylor
53%
Rangers 17 P Nathan Eovaldi
53%
Yankees 18 3B Oswaldo Cabrera
53%
Mets 15 CF Tyrone Taylor
53%
Blue Jays 0 2B Andres Gimenez
52%
Royals 55 P Cole Ragans
52%
Pirates 13 3B Ke'Bryan Hayes
52%
Pirates 22 DH Andrew McCutchen
51%
Orioles 11 2B Jordan Westburg
51%
Cardinals 0 SS Masyn Winn
51%
Phillies 17 LF Max Kepler
51%
Dodgers 25 2B Tommy Edman
51%
Guardians 41 1B Carlos Santana
50%
Orioles 17 LF Colton Cowser
50%
Astros 15 3B Isaac Paredes
50%
Rangers 21 1B Jake Burger
50%
Padres 9 2B Jake Cronenworth
50%
Yankees 24 LF Jasson Dominguez
50%
Blue Jays 17 P Jose Berrios
50%
Rockies 23 DH Kris Bryant
50%
Orioles 9 RF Tyler O'Neill
50%
Royals 9 DH Vinnie Pasquantino
50%
White Sox 23 DH Andrew Benintendi
49%
White Sox 25 1B Andrew Vaughn
49%
Yankees 22 DH Ben Rice
49%
Red Sox 3 CF Ceddanne Rafaela
49%
Braves 24 RF Jarred Kelenic
49%
Royals 6 3B Jonathan India
49%
Brewers 12 1B Rhys Hoskins
49%
Orioles 32 DH Ryan O'Hearn
49%
Brewers 2 2B Brice Turang
48%
Rangers 6 3B Josh Jung
48%
Nationals 1 P MacKenzie Gore
48%
Astros 1 2B Brendan Rodgers
47%
Rockies 9 CF Brenton Doyle
47%
Braves 30 C Drake Baldwin
47%
Angels 14 C Logan O'Hoppe
47%
Reds 9 2B Matt McLain
47%
Padres 34 P Michael King
47%
Brewers 10 RF Sal Frelick
47%
Angels 3 LF Taylor Ward
47%
Rangers 36 LF Wyatt Langford
47%
Dodgers 44 CF Andy Pages
46%
Orioles 29 3B Ramon Urias
46%
Rockies 24 3B Ryan McMahon
46%
Orioles 24 P Zach Eflin
46%
Cardinals 33 2B Brendan Donovan
45%
Guardians 43 RF Jhonkensky Noel
45%
Rockies 21 P Kyle Freeland
45%
Dodgers 72 SS Miguel Rojas
44%
Angels 77 2B Tim Anderson
44%
Reds 29 CF T.J. Friedl
44%
Mets 35 P Clay Holmes
43%
Diamondbacks 31 CF Jake McCarthy
43%
Athletics 33 CF JJ Bleday
43%
Angels 12 DH Jorge Soler
43%
Red Sox 28 2B Kristian Campbell
43%
Giants 31 1B LaMonte Wade Jr.
43%
Cardinals 21 LF Lars Nootbaar
43%
Cubs 29 1B Michael Busch
43%
Reds 7 DH Spencer Steer
43%
Athletics 21 1B Tyler Soderstrom
43%
Marlins 9 SS Xavier Edwards
43%
Nationals 3 RF Dylan Crews
42%
Giants 14 C Patrick Bailey
42%
Twins 13 1B Ty France
42%
Guardians 4 SS Brayan Rocchio
40%
Reds 2 LF Gavin Lux
40%
White Sox 8 SS Jacob Amaya
40%
Pirates 14 C Joey Bart
40%
Brewers 3 SS Joey Ortiz
40%
Dodgers 23 LF Michael Conforto
40%
Cubs 9 C Miguel Amaya
40%
Giants 5 RF Mike Yastrzemski
40%
Angels 16 P Yusei Kikuchi
39%
Giants 17 LF Heliot Ramos
38%
Tigers 34 C Jake Rogers
38%
Angels 7 CF Jo Adell
38%
Rays 13 3B Junior Caminero
38%
Twins 27 C Ryan Jeffers
38%
Angels 18 1B Nolan Schanuel
37%
Brewers 5 CF Garrett Mitchell
36%
Cardinals 48 C Ivan Herrera
36%
Mariners 7 3B Jorge Polanco
36%
Royals 1 LF MJ Melendez
36%
Cardinals 11 CF Victor Scott II
36%
Giants 41 DH Wilmer Flores
36%
Astros 6 CF Jake Meyers
35%
Reds 3 3B Jeimer Candelario
35%
Cubs 6 3B Matt Shaw
35%
Mariners 10 RF Victor Robles
35%
Cardinals 41 DH Alec Burleson
34%
Royals 16 RF Hunter Renfroe
34%
White Sox 20 3B Miguel Vargas
34%
Reds 33 1B Christian Encarnacion-Strand
33%
Marlins 28 LF Kyle Stowers
33%
Diamondbacks 15 DH Randal Grichuk
33%
Rockies 4 1B Michael Toglia
32%
Nationals 30 CF Jacob Young
31%
Twins 64 3B Jose Miranda
31%
Rays 25 1B Curtis Mead
30%
Twins 38 RF Matt Wallner
30%
Royals 19 2B Michael Massey
30%
Rays 24 LF Christopher Morel
29%
Athletics 13 3B Gio Urshela
29%
Reds 35 C Jose Trevino
29%
Guardians 9 DH Kyle Manzardo
29%
Mets 13 C Luis Torrens
29%
Athletics 22 LF Miguel Andujar
29%
Mariners 23 1B Rowdy Tellez
29%
Rays 44 P Ryan Pepiot
29%
White Sox 59 P Sean Burke
29%
Pirates 28 LF Tommy Pham
29%
Twins 50 2B Willi Castro
29%
Royals 28 CF Kyle Isbel
28%
Marlins 4 C Nick Fortes
28%
Rays 6 SS Taylor Walls
28%
Guardians 39 P Ben Lively
27%
Rays 19 C Danny Jansen
26%
Blue Jays 22 3B Ernie Clement
26%
Twins 12 LF Harrison Bader
26%
Pirates 7 SS Isiah Kiner-Falefa
26%
Reds 27 RF Jake Fraley
26%
Rangers 11 C Kyle Higashioka
26%
Angels 2 3B Luis Rengifo
26%
Pirates 39 2B Nick Gonzales
26%
White Sox 50 2B Lenyn Sosa
25%
Tigers 77 3B Andy Ibanez
24%
Tigers 33 1B Colt Keith
24%
Twins 9 DH Trevor Larnach
24%
Giants 49 2B Tyler Fitzgerald
24%
Guardians 13 2B Gabriel Arias
23%
Mariners 20 DH Luke Raley
23%
Royals 18 1B Cavan Biggio
22%
Rockies 15 C Hunter Goodman
22%
Cubs 5 2B Jon Berti
22%
Angels 10 SS Kevin Newman
20%
Marlins 3 CF Derek Hill
19%
Marlins 18 RF Griffin Conine
19%
Rockies 27 LF Jordan Beck
18%
Blue Jays 7 DH Will Wagner
18%
Nationals 14 3B Paul DeJong
17%
White Sox 15 RF Austin Slater
16%
Marlins 41 DH Jonah Bride
16%
Rangers 16 CF Kevin Pillar
16%
Rockies 6 2B Kyle Farmer
16%
Brewers 18 3B Vinny Capra
16%
Blue Jays 18 RF Alan Roden
15%
Padres 28 LF Brandon Lockridge
15%
Tigers 7 RF Manuel Margot
15%
Mariners 1 2B Ryan Bliss
15%
Rays 21 CF Jonny DeLuca
14%
Marlins 63 3B Graham Pauley
13%
Rockies 35 RF Nick Martini
13%
Marlins 36 1B Matt Mervis
12%
Tigers 32 CF Ryan Kreidler
8%
No matching quizzes found
Score Distribution
Percent of People with Each Score
Percentile by Number Answered
Your Score History
You have not taken this quiz